Revista de la academia de historia del Meta (Registro nro. 47898)

Detalles MARC
000 -CABECERA
Longitud fija campo de control 00668nam a2200229Ii 4500
003 - IDENTIFICADOR DEL NUMERO DE CONTROL
Identificador del número de control CO-ViMGA
005 - FECHA Y HORA DE LA ULTIMA TRANSACCION
Fecha y hora de la última transacción 20260318200727.0
008 - CODIGOS DE INFORMACION DE LONGITUD FIJA
Códigos de información de longitud fija 241108s9999||||xx |||||||||||||| ||und||
040 ## - FUENTE DE LA CATALOGACION
Centro catalogador de origen CO-ViMGA
Lengua de catalogación spa
Normas de descripción rda
Centro transcriptor CO-ViMGA
041 0# - CODIGO DE LENGUA
Código de lengua del texto/banda sonora o título independiente spa
082 04 - NUMERO DE LA CLASIFICACION DECIMAL DEWEY
Número de clasificación (R) 5 0001
110 1# - PUNTO DE ACCESO PRINCIPAL-NOMBRE DE ENTIDAD CORPORATIVA
Nombre de entidad corporativa o nombre de jurisdicción como elemento inicial Academia de Historia del Meta
245 10 - TITULO PROPIAMENTE DICHO
Título Revista de la academia de historia del Meta
264 #1 - PRODUCCION, PUBLICACION , DISTRIBUCION, FABRICACION Y COPYRIGHT
Lugar de producción, publicación, distribución, fabricación Bogotá, Colombia : Visual Visaules, 1986
300 ## - DESCRIPCION FISICA
Extensión volumen
336 ## - TIPO DE CONTENIDO
Término de tipo de contenido text
Código de tipo de contenido txt
Fuente rdacontent
337 ## - TIPO DE MEDIO
Nombre del tipo de medio unmediated
Código del tipo de medio n
Fuente rdamedia
338 ## - TIPO DE SOPORTE
Nombre del tipo de soporte volume
Código del tipo de soporte nc
Fuente rdacarrier
830 ## - PUNTO DE ACCESO ADICIONAL DE SERIE - TITULO UNIFORME
Título uniforme RNBP
940 ## -
T&íacute;tulo uniforme <a href="idficha_siabuc: 14541. -- ficha_no_siabuc:14850">idficha_siabuc: 14541. -- ficha_no_siabuc:14850</a>
Existencias
Perdido Estado Físico No para pr&eacute;stamo Forma de adquisición Localizaci&oacute;n permanente Localizaci&oacute;n actual Localización en estanterías Fecha adquisici&oacute;n Serie de enumeraci&oacute;n &#47; cronolog&&iacute;acute;a Signatura completa C&oacute;digo de barras Fecha &uacute;ltima consulta N&uacute;mero de copia Fecha del precio de reemplazo Tipo de item de Koha Note p&uacute;blica
      Colección Fondo Patrimonial Biblioteca Pública Departamental Eduardo Carranza - Villavicencio Biblioteca Pública Departamental Eduardo Carranza - Villavicencio Local Patrimonial 01/22/2015 Vol.2 5 0001 ECA23645 11/26/2024 Ej.3 11/26/2024 LIbro 14541 | 19069
      Colección Fondo Patrimonial Biblioteca Pública Departamental Eduardo Carranza - Villavicencio Biblioteca Pública Departamental Eduardo Carranza - Villavicencio Local Patrimonial 12/07/2010 Vol.1 5 0001 ECA19651 11/26/2024 Ej.1 11/26/2024 LIbro 14541 | 19067
      Colección Fondo Patrimonial Biblioteca Pública Departamental Eduardo Carranza - Villavicencio Biblioteca Pública Departamental Eduardo Carranza - Villavicencio Local Patrimonial 08/01/2011 Vol.2 5 0001 ECA20276 11/26/2024 Ej.2 11/26/2024 LIbro 14541 | 19068









Instituto Departamental de Cultura del Meta - Red Departamental de Bibliotecas Públicas del Meta.